| 000 | 00774nab a2200229 4500 | ||
|---|---|---|---|
| 003 | BR-BrBNA | ||
| 005 | 20260404221609.0 | ||
| 008 | 260404b bl.||||| |||| 00| 0 por d | ||
| 040 |
_aBR-BrBNA _bpor |
||
| 072 | _aE11 ; D50 ; E50 | ||
| 100 | _aFugueiredo, Nayara | ||
| 245 |
_aÀ espera da lei _bAgronegócios |
||
| 500 | _a4 illus. | ||
| 650 | _aCONFLITOS AGRÁRIOS | ||
| 650 | _aPROPRIEDADE DA TERRA | ||
| 650 | _aTERRA INDÍGENA | ||
| 650 | _aREGULARIZAÇÃO FUNDIÁRIA | ||
| 650 | _aLEGISLAÇÃO FUNDIÁRIA | ||
| 773 | 0 |
_01706 _9348155 _dSão Paulo-SP Editora Três Ltda - E-mail: luizfsa@revistadinheiro.com.br 2004 _o2025-0644 _tDinheiro Rural (Brazil) _x1807-3700 _gv. 10(130) p. 64-66; (Oct 2015) _wBR2026000453 |
|
| 942 | _cANA | ||
| 999 |
_c341234 _d341234 |
||